00000000nam 2200000za 4500
0019.654703
003CaOODSP
00520200328064808
007ta
008150407|1991||||xxc|||||     f|0| 0 eng d
020 |a0-662-58499-6
040 |aCaOODSP|beng
041 |aeng
041 |afre
043 |an-cn---
0861 |aBT74-1/8-1991
24500|aPublic Service 2000: Task Force on Staff Training and Development: second report
260 |aOttawa - Ontario : |bTreasury Board of Canada Secretariat. |c1991.
300 |aEnglish text, 60, 18p. ; |c28 cm.
500 |aChairman: Daniel Bevis Dewar.
546 |aBilingual
563 |aSoftcover
7101 |aCanada. |bTreasury Board.
7201 |aDewar, Daniel Bevis
792 |tFonction publique 2000: rapport du Groupe de travail sur la formation et le perfectionnement: deuxième rapport |efre|w(CaOODSP)9.654704